000 00362nam a22001337a 4500
082 _aP-579
100 _aAdnan Arshad
_947666
245 _aPlanning & Scheduling value engineering health saftey & Risk management
260 _aMCE
526 _a0
_b0
_c0
_dP_579
650 _aProject
700 _aAqib Javed, Athar Iqbal, Ashar masih
_947667
942 _2ddc
_cBK
999 _c550838
_d550838